[Event "Stepanakert Petrosian Memorial"]
[Site "Stepanakert"]
[Date "2004.03.12"]
[Round "4"]
[White "Macieja, Bartlomiej"]
[Black "Pashikian, Arman"]
[Result "0-1"]
[WhiteElo "2653"]
[BlackElo "2451"]
[Annotator "Huzman,A"]
[PlyCount "88"]
[EventDate "2004.03.09"]
[EventType "tourn"]
[EventRounds "9"]
[EventCountry "ARM"]
[EventCategory "13"]
[SourceTitle "CBM 100"]
[Source "ChessBase"]
[SourceDate "2004.06.01"]
[SourceVersion "1"]
[SourceVersionDate "2004.06.01"]
[SourceQuality "1"]

1. e4 e5 2. Nf3 Nf6 3. Nxe5 d6 4. Nf3 Nxe4 5. d4 d5 6. Bd3 Bd6 7. O-O O-O 8. c4
c6 9. a3 Na6 10. Qc2 f5 11. Nc3 Nc7 12. c5 Be7 13. Ne2 Bf6 (13... Ne6 14. Nf4
N6g5 (14... Bf6 15. Nxe6 Bxe6 16. Bf4 Bf7 (16... Qe8 17. Be5 Qh5 18. Qb3 Bxe5
19. Nxe5 Rab8 20. Rfe1 Qh6 21. f3 $16 {1-0 Kulaots,K-Lauk,U/Tallinn op 2000/CA
(44)}) (16... g5 17. Be5 g4 18. Bxf6 Qxf6 19. Ne5 Qh4 20. f4 g3 21. h3 Kh8 22.
b4 a6 23. a4 Nf2 24. Qd2 Rg8 25. Ra3 Rg7 26. Rfa1 Rag8 27. b5 Nxh3+ 28. gxh3 g2
29. Be2 $16 {1-0 Navara,D-Berezjuk,S/Ostrava 2002/CBM 88 ext (35)}) 17. Be5 Bh5
18. Bxf6 Qxf6 19. Ne5 Rad8 20. f3 Ng5 21. Rfe1 Ne6 22. Qf2 f4 23. b4 $16 {
1-0 Gipslis,A-Raetsky,A/Berlin 1993/TD (44)}) (14... Qc7 15. Nxe6 Bxe6 16. b4 (
16. Re1 Rae8 17. Ne5 Bc8 18. Bf4 Qd8 19. Re2 Bg5 20. Bxg5 Qxg5 21. b4 f4 22. f3
Bh3 23. Kh1 $16 {1-0 Seminara,J-Ferrara,A/Buenos Aires 1998/EXT 2002 (28)})
16... Bf6 17. Bb2 f4 18. Rfe1 Rfe8 19. h3 g6 20. Bxe4 dxe4 21. Rxe4 Bd5 22.
Rxe8+ Rxe8 23. Ne5 $14 {1-0 Gruenfeld,Y-Greenfeld,A/ISR t-ch playoff 2002 (45)}
) 15. Nxg5 Nxg5 16. Re1 (16. b4 Bf6 17. Qc3 Ne4 18. Qb2 b6 19. Nh5 Be7 20. f3
Nf6 21. Ng3 g6 22. Bf4 Rf7 23. Rfe1 Bf8 24. Re2 a5 25. Rae1 $14 {1/2-1/2
Kulaots,K-Lauk,U/Puhajarve EST 2001/ (61)}) 16... Bf6 17. Be3 g6 18. f3 Qc7 19.
Qf2 Qg7 20. Rad1 Re8 21. Bc2 Bd7 22. Kh1 Re7 23. Qg3 Nf7 $11 {0-1 Sherzer,
A-Wolff,P/Philadelphia 1987/EXT 97 (50)}) 14. b4 (14. Nd2 Ne6 15. Nb3 Bd7 (
15... a5 $5 16. a4 b6 17. f3 bxc5 18. dxc5 Rb8 $132) 16. f3 Be8 17. Kh1 g6 18.
Bh6 Ng7 19. fxe4 fxe4 20. Bxe4 dxe4 21. Nc3 $16 {1-0 Sutovsky,E-Volzhin,A/
Ohrid MKD 2001/ (39)}) (14. Bf4 Ne6 15. Be5 g5 (15... Bd7 16. b4 Rc8 17. Qb2
Kh8 18. Bxf6 Rxf6 19. Ne5 Be8 20. f3 N4g5 21. Rad1 $16 {0-1 Hazai,L-Valkesalmi,
K/Espoo 1987/EXT 97 (57)}) (15... Qe8 16. Bxf6 (16. b4 Bxe5 17. Nxe5 Nxd4 18.
Nxd4 Qxe5 19. Nf3 Qf6 20. Rac1 Bd7 21. Rfe1 Rae8 $17 {0-1 Franke,H-Dempster,D/
WT/M\406 1990 (35)}) 16... Rxf6 17. b4 Rh6 18. Qb2 Qh5 19. Ng3 Qg4 20. Ne5 Qh4
21. Nf3 $11 {1/2-1/2 Zagorski,F-Marolt,T/IECG 2002/Telechess CBM 95 (24)}) (
15... Re8 16. b4 Bxe5 17. Nxe5 Nxd4 18. Nxd4 Rxe5 19. f3 Nf6 20. Bxf5 Qe8 21.
Bd3 Bd7 22. Qd2 Qh5 23. Rae1 Rae8 $11 {0-1 Chumfwa,S-Olape,B/Abuja NGR 2003/
(39)}) 16. b4 (16. h3 h5 17. Bh2 g4 18. hxg4 hxg4 19. Ne5 Bxe5 20. Bxe5 Rf7 21.
f3 Qg5 22. fxe4 Qe3+ 23. Rf2 fxe4 24. Ng3 exd3 25. Qd2 Qxd2 26. Rxd2 Nf4 27.
Bxf4 Rxf4 28. Rxd3 $11 {1/2-1/2 Wolf,W-Lueckert,B/DDR-ch H170 corr 1974/
CR97-74 (53)}) 16... g4 (16... a5 $6 17. Qb2 axb4 18. axb4 Rxa1 19. Rxa1 g4 20.
Bxf6 Rxf6 21. Ne5 Rh6 22. g3 Qe8 23. Ra8 $16 {1-0 Rodriguez Lopez,R-Hernandez
Estevez,Y/Mondariz 1995/EXT 97 (33)}) 17. Nd2 Bxe5 18. dxe5 b6 19. cxb6 Qxb6
20. Nb3 Rf7 21. Rac1 Bd7 22. Bxe4 fxe4 23. Qc3 Raf8 24. Ned4 $16 {1-0 Miller,
J-Noire,E/IECG 2001/Telechess CBM 87 (32)} (24. Ned4 Nxd4 25. Nxd4 Re7 26. a4
Rc8 27. e6 Bxe6 28. Nxc6 Rf7 29. b5 Qc7 30. Qe3 Rcf8 31. a5 Qd6 32. a6 {
1-0 Miller,J-Noire,E/IECG 2001/Telechess CBM 87 (32)})) (14. Ne5 Ne6 15. f4 g5
(15... Bd7 16. b4 (16. Be3 Be8 17. Kh1 Bh5 18. b4 Bxe2 19. Bxe2 Bxe5 20. dxe5
g5 $132 {1/2-1/2 Bratovic,B-Madan,A/Balatonlelle HUN 2003/(48)}) 16... Be8 17.
Be3 Kh8 18. a4 a6 19. Qb3 g5 20. Bxe4 fxe4 21. fxg5 Bxg5 22. Rxf8+ Nxf8 23. Rf1
Ng6 24. Bf4 $36 {1/2-1/2 Zoeller,T-Rack,M/Griesheim 2000/EXT 2001 (36)}) 16. g3
(16. b4 Qc7 17. g3 gxf4 18. gxf4 Bd7 {1/2-1/2 Jobava,B-Lautier,J/Plovdiv BUL
2003/(18)}) 16... Kh8 17. Be3 gxf4 18. gxf4 Bxe5 19. fxe5 Rg8+ 20. Kh1 Qh4 $40
{1/2-1/2 Vesselovsky,S-Haba,P/Czech Rep CZE 2003/(37)}) 14... Ne6 15. Bb2 Qc7 (
15... a6 16. a4 g6 17. Ne5 Bg7 18. f3 $14 {Kapustin - Kuzenkov, corr 1986
[Jussupow] (18)}) 16. b5 (16. Nd2 Bg5 17. Nb3 Bd7 18. Bc1 f4 19. f3 Nf6 20. a4
g6 $1 21. b5 Ng7 22. Rb1 Bf5 23. Bd2 Rfe8 $13 {0-1 Zambrana,O-Krush,I/Buenos
Aires 2003/CBM 97/[Huzman] (35)}) (16. Rfe1 Bd7 (16... g6 17. Nc1 Bd7 18. Bf1
Rae8 19. Nd3 Bc8 20. Nfe5 N4g5 21. a4 f4 22. f3 Nf7 23. Nxf7 Rxf7 24. Qf2 Ree7
25. Re2 Ng7 26. Rxe7 Rxe7 27. Re1 g5 28. Ne5 Nf5 $132 {1-0 Mazi,L-Lazovic,G/
Bled 1999/CBM 69 ext (40)}) 17. Rad1 g6 18. Nc1 g5 19. Nb3 Rae8 20. Ne5 Nxd4
21. Bxd4 Bxe5 22. Bxe5 Rxe5 23. Qc1 $44 {1/2-1/2 Adams,M-Piket,J/Wijk aan Zee
2002/CBM 87/[Huzman] (27)}) (16. Rad1 g6 17. Qb1 Qg7 18. Ba1 Bd7 19. Kh1 Be8
20. Ne1 g5 21. f3 Bg6 22. Bc2 Rae8 23. fxe4 fxe4 $13 {0-1 Tseshkovsky,
V-Motylev,A/Ekaterinburg 2002/CBM 90 (29)}) 16... Bd7 {[%cal Yd7e8,Ye8h5] I
prefer the position of Black.They have clear plan of development of their
initiative on the K-side.White can't do nothing on the Q-side and control on
the square e5 is not important in this position.} 17. Rab1 Be8 (17... cxb5 18.
Qb3 Qc6 19. Bc1 a6) 18. bxc6 bxc6 19. Nd2 (19. Ne1 $5 {[%cal Gf2f3]} Bg6 (19...
Bg5 20. Bc1 $11) 20. f3 Rab8 $1 21. g3 (21. fxe4 fxe4 22. Ba6 Qa5 $17) 21...
N4g5 22. Ng2 Nh3+ 23. Kh1 $11) 19... Bg5 20. Nb3 $2 (20. Nf3 Bf6 21. Nd2 $11)
20... Bh5 21. Ng3 (21. Kh1 Bh4 $1 22. Nec1 Nf4 $36 23. f3 $140 Ng3+ $1 24. hxg3
Bxg3 $19) 21... Bg6 22. Bc1 Nf4 $36 23. Bxf4 Bxf4 24. Rfe1 Bg5 25. Nf1 Bh4 $1
26. Re2 a5 $1 27. Nbd2 (27. f3 a4 28. Nc1 Bf6 $17) (27. a4 Rab8 {[%cal Yb8b4]}
28. f3 Bf6 29. Ne3 Rb4 $36) 27... Bf6 28. Nf3 $2 Bh5 $17 {[%mdl 32]} 29. Ng3
Bg4 $1 (29... Bxf3 30. gxf3 Ng5 31. Kg2 g6 $17) 30. Rb6 Rab8 $1 31. Rxb8 Rxb8
$17 32. Nf1 $2 (32. Re3 Bxf3 (32... g6 33. Ne2 f4 34. Rxe4 dxe4 35. Bxe4 Re8
$17) 33. Rxf3 Bxd4 34. Nxf5 Qe5 {[%cal Yb8b2]} 35. Nxd4 Qxd4 $19) 32... Bxf3
33. gxf3 Ng5 34. Nd2 Nh3+ 35. Kh1 Nf4 36. Re1 Bxd4 37. Bxf5 g6 38. Nb3 Bf6 39.
Bd3 a4 40. Nc1 Qa5 41. Qd1 Qxc5 42. Rf1 Qxa3 43. Bc2 Qc3 44. Na2 Qc4 0-1

[Event "Linares 21st"]
[Site "Linares"]
[Date "2004.02.26"]
[Round "7"]
[White "Leko, Peter"]
[Black "Shirov, Alexei"]
[Result "1-0"]
[WhiteElo "2722"]
[BlackElo "2736"]
[Annotator "Huzman,A"]
[PlyCount "107"]
[EventDate "2004.02.19"]
[EventType "tourn"]
[EventRounds "14"]
[EventCountry "ESP"]
[EventCategory "20"]
[SourceTitle "CBM 100"]
[Source "ChessBase"]
[SourceDate "2004.06.01"]
[SourceVersion "1"]
[SourceVersionDate "2004.06.01"]
[SourceQuality "1"]

1. e4 e5 2. Nf3 Nf6 3. Nxe5 d6 4. Nf3 Nxe4 5. d4 d5 6. Bd3 Bd6 7. O-O O-O 8. c4
c6 9. Qc2 Na6 10. a3 Bg4 11. Ne5 Bh5 12. cxd5 (12. f3 f6 (12... Qb6 $1) 13.
fxe4 fxe5 14. Rxf8+ Bxf8 15. exd5 cxd5 16. Bxh7+ Kh8 17. Nc3 dxc4 18. d5 Bc5+
19. Kh1 Qf6 20. Qf5 Rf8 {0-1 Cibin,A-Rey Saravia,F/ARG-Cup2 corr9293 1992/
CR97-92 (20)}) 12... cxd5 13. Nc3 (13. Bxe4 dxe4 14. Qxe4 Re8 15. Bf4 (15. Be3
Nc5 16. Qc2 Ne6 17. Qf5 Qh4 (17... Bg6 18. Nxg6 hxg6 19. Qh3 Bf4 20. Nc3 Ng5
21. Qg4 Bxe3 22. fxe3 Nh7 23. Qf3 $16 {1-0 Baklan,V-Neubauer,M/Plovdiv BUL
2003/(42)}) 18. Nd2 Bg6 (18... Nxd4 $5) 19. Qg4 Qxg4 20. Nxg4 f5 21. Nc4 Bf8
22. d5 fxg4 23. dxe6 Rxe6 $11 {1/2-1/2 Potkin,V-Rozentalis,E/Bad Wiessee GER
2003/ (46)}) 15... Nc7 16. Qf5 Bg6 17. Qg4 Ne6 18. Nxg6 Bxf4 19. Nxf4 {1/2-1/2
Timoshenko,G-Makarichev,S/Moskva (GMA) 1990/Inf 49 (19)}) 13... Bxe5 (13...
Nxc3 14. bxc3 Kh8 $6 (14... Bxe5 15. Bxh7+ $1 Kh8 16. dxe5 Qc7 (16... g6 17.
Qd2 $1 Kxh7 18. Qh6+ Kg8 19. Bg5 f6 20. Bxf6 Rxf6 21. exf6 Qxf6 22. f3 $1 $16 {
Kasparov}) 17. Bf5 Qxe5 18. Be3 Rfe8 19. Bd4 Qf4 20. Rae1 $16 {1-0 Chopin,
P-Noire,E/IECG 2002/Telechess CBM 95 (56)}) (14... Bg6 $5 15. Nxg6 hxg6 16. Qb3
Rb8 $14) 15. f4 (15. Bxh7 $5) 15... Rc8 (15... Bxe5 $2 16. fxe5 Bg6 17. a4 $1
Qd7 18. Ba3 $16 {1-0 Kasparov,G-Shirov,A/Wijk aan Zee 2001/CBM 81/[Huzman] (45)
}) 16. Rb1 Rc7 17. h3 Qc8 18. Bd2 Bxe5 19. fxe5 Bg6 20. Bxg6 {1/2-1/2 Krylov,
S-Berlinsky,V/Linares 2001/CBM 80 ext (20)}) 14. dxe5 Nac5 15. Nxe4 (15. Bxe4
dxe4 16. Nxe4 Nd3 17. Bg5 (17. Nd6 Nxe5 18. Nxb7 Qd5 $44) 17... Qd4 $5 18. Nd6
Qxe5 $1 (18... Nxe5 19. Be7 Rfb8 $16) 19. Qxd3 Qxg5 $11) 15... Nxd3 16. Qxd3
Bg6 17. Qb3 Bxe4 18. Qxb7 (18. f3 Bg6 19. Qxb7 d4 $44) 18... Qh4 19. Qb3 (19.
f3 Bd3 20. Rf2 Qd4 $44) 19... d4 20. Qg3 $1 {In this position with opposite
colour bishops Black have initiative.So first of all White try to exchange
queens.} (20. f3 Bf5 21. Qa4 $1 {[%cal Ga4h4]} Rfd8 22. Rd1 Qe7 (22... Rd7 $5
23. Be3 Rad8 $44) 23. Rxd4 Qxe5 24. Rxd8+ Rxd8 25. Bf4 Qxb2 26. Re1 Be6 27.
Qxa7 $14) 20... Qxg3 21. hxg3 $14 Rfc8 22. f3 Bg6 23. Rf2 h5 (23... d3 24. Bd2
Rc2 25. Bc3 $14) 24. Bf4 d3 25. Bd2 $1 {By this move White neutralise activity
of Black connected with penetration Rc2.} Rc2 26. Bc3 $16 {[%cal Gf2d2,Gg1e3]}
Kf8 27. Rd2 Rc8 28. Rad1 Ke7 29. Kf2 Rc4 30. Ke3 Bf5 31. Rh1 g6 32. Rh4 Rxh4
33. gxh4 a6 (33... Kd7 34. Kf4 Rc1 35. g4 hxg4 36. fxg4 Rf1+ 37. Ke3 (37. Kg5
$5 Rg1 38. Kf6 Rxg4 39. h5 Rh4 40. hxg6 Bxg6 41. e6+ Ke8 42. exf7+ Bxf7 43.
Rxd3 Rh6+ $14) 37... Bxg4 38. Rxd3+ $16) 34. Kd4 (34. Kf4 Rc1 $132) 34... Kd7
35. Kc5 Kc7 36. a4 $22 Rc1 (36... Kb7 37. Kd6 Kb6 38. Ke7 Rxd2 39. Bxd2 {
The B-endgame is very difficult for Black as White easily make two passed
pawns and counterplay of Black connected with pawn d3 comes too late.} Be6 40.
b4 Kc6 41. g4 Kd5 42. gxh5 gxh5 43. Kf6 $16 {[%cal Gf3f5]}) 37. g4 hxg4 38.
fxg4 Bxg4 39. Rxd3 {[%mdl 4100] In this position White pieces are very active
and the factor of opposite colour bishops doesn't work here.} Rh1 40. Ba5+ $1
Kb7 41. Rb3+ Kc8 42. Rb4 $1 Rxh4 43. Rd4 $1 $18 {By this move White force
transposition in the winning R-endgame.} g5 44. Be1 Rh1 45. Rxg4 Rxe1 46. Rxg5
Kd7 47. Rf5 Ke7 (47... Ke6 48. Rf6+ Kxe5 49. Rxf7 Ra1 50. b3 $18 {[%cal Gf7a7,
Ga7a6]}) 48. b4 Ra1 49. a5 Rc1+ 50. Kb6 Rc4 51. b5 axb5 52. a6 Ke6 (52... Ra4
53. a7 b4 54. e6 $1 Kxe6 55. Ra5 $18) 53. Rf6+ Kxe5 54. Rxf7 (54. Rxf7 Ra4 55.
Kxb5 Ra1 56. a7 Kd6 57. Kb6 Rb1+ 58. Ka6 Ra1+ 59. Kb7 Rb1+ 60. Kc8 Ra1 61. Kb8
Rb1+ 62. Rb7 $18) 1-0

[Event "Belfort Masters 6th"]
[Site "Belfort"]
[Date "2003.12.22"]
[Round "8"]
[White "Hamdouchi, Hicham"]
[Black "Le Roux, Jean Pierre"]
[Result "1/2-1/2"]
[WhiteElo "2588"]
[BlackElo "2480"]
[Annotator "Huzman,A"]
[PlyCount "71"]
[EventDate "2003.12.15"]
[EventType "tourn"]
[EventRounds "10"]
[EventCountry "FRA"]
[EventCategory "15"]
[SourceTitle "CBM 099"]
[Source "ChessBase"]
[SourceDate "2004.03.30"]
[SourceVersion "1"]
[SourceVersionDate "2004.03.30"]
[SourceQuality "1"]

1. e4 e5 2. Nf3 Nf6 3. Nxe5 d6 4. Nf3 Nxe4 5. d4 d5 6. Bd3 Bd6 7. O-O O-O 8. c4
c6 9. Nc3 Nxc3 10. bxc3 dxc4 11. Bxc4 Bg4 12. Qd3 Nd7 13. Ng5 Nf6 14. h3 Bh5
15. f4 h6 16. g4 (16. Nf3 Bxf3 17. Rxf3 (17. Qxf3 Qd7 (17... Re8 18. g4 Qa5 19.
Qd3 Re7 20. Bd2 Ne4 $11 {1-0 Marcotulli,G-Ziffer,W/WCCF 2001/Telechess CBM 97 
(25)}) 18. Rb1 Rae8 19. Bd3 Re7 20. Bd2 Rfe8 21. Rfe1 Rxe1+ 22. Bxe1 Nd5 23.
Bd2 Qc7 24. g3 Nf6 25. c4 Bf8 26. Be3 b6 27. Kg2 Qd6 28. Rb3 Qe6 $11 {1-0 Sax,
G-Ionescu,M/Pula 1997/EXT 2000 (37)}) 17... Re8 18. Be3 Bc7 (18... Re4 19. Raf1
Qe7 20. Bd2 Re8 21. Qb1 Qc7 22. Bd3 R4e7 23. g3 Ne4 24. Be1 c5 $15 {0-1
Hartikainen,M-Lauk,U/FIN 1994/EXT 98 (37)}) 19. Raf1 Qd6 20. Bf2 Re4 21. Bh4
Rae8 22. Bxf6 Qxf6 $15 {1/2-1/2 Kamsky,G-Bareev,E/Linares 1993/CBM 34 (41)}) (
16. Ne4 Nxe4 17. Qxe4 Kh8 18. Qf5 (18. f5 Re8 19. Qc2 Qh4 20. Qf2 Bg3 $17 {
0-1 Wu Kaiyu-Yu Shaoteng/Tianjin 2001/CBM 83 ext (34)}) 18... Bg6 19. Qg4 Qf6
20. f5 Bh7 21. Bd2 Rae8 22. Rae1 Bc7 23. Bd3 Rxe1 24. Rxe1 Qd6 25. Bc1 b5 26.
Kf2 a6 27. g3 Ba5 28. Bf4 Qd7 29. Bd2 c5 $132 {1-0 Vajda,L-Ionescu Brandis,I/
Miercurea Ciuc 1998/EXT 2000 (42)}) 16... b5 (16... hxg5 17. fxg5 (17. gxh5
gxf4 18. h6 Nh5 19. Qf5 Qh4 20. Rf3 b5 21. Bf1 gxh6 $17 {0-1 Zhitnikov,
A-Sheikhman,V/IECG 2001/Telechess CBM 95 (24)}) 17... Nxg4 18. hxg4 Bxg4 (18...
Qd7 19. Qh3 (19. gxh5 Qg4+ (19... b5 $5) 20. Kf2 Rae8 21. Rh1 b5 22. Qf3 Qxf3+
23. Kxf3 bxc4 24. Bd2 {1/2-1/2 Koumanis,S-Zahilas,L/Ikaria 1994/EXT 97 (24)})
19... Bxg4 $2 (19... Qxg4+ $8 20. Qxg4 Bxg4 21. Rxf7 b5 $8 22. Rxf8+ (22. Bb3
Kh7 $11) 22... Kxf8 $11) 20. Qh4 $40 {0-1 Morozevich,A-Ippolito,D/New York
1997/CBM 57 ext (79)}) 19. g6 (19. Qe4 Qd7 20. g6 Be6 21. Bxe6 fxe6 22. Bg5 $40
{1-0 Capablanca,J-Northrup,G/New York 1909/Capablanca (41)}) 19... Be6 20. Rxf7
Qc8 21. Rxf8+ Kxf8 22. Ba3 $1 $18 {1-0 Ghizdavu,D-Stanciu,T/ROM 1971/EXT 2001 
(30)}) 17. Bb3 hxg5 (17... c5 $5 18. Bd5 $5 Bg6 19. Qxg6 hxg5 20. Qxg5 $14) 18.
fxg5 Nxg4 $1 (18... Bxg4 19. gxf6 $16) 19. hxg4 Qd7 $1 20. Qf5 (20. gxh5 Qg4+
21. Kf2 Rae8 22. Rg1 Qh4+ 23. Kg2 Qh2+ (23... Re4 24. Qf3 Bh2 25. Rf1 (25. Rh1
$2 Rg4+ 26. Kf1 Rg3 $1 27. Qxc6 Qh3+ 28. Kf2 Qf5+ 29. Ke1 Rc8 $2 (29... Bg1 $1
$19) 30. Be6 $1 {1-0 Psakhis,L-Mikhalchishin,A/Klaipeda 1988/Inf 46 (30)}) (25.
Bd2 $1 Rg4+ 26. Qxg4 Qxg4+ 27. Kxh2 $16) 25... Rg4+ (25... Bd6 26. Rh1 Rg4+ 27.
Kf1 Bh2 28. Rxh2 Qxh2 29. Qxg4 Qh1+ 30. Qg1 Qxh5 31. Qg2 Re8 32. Bd2 {1-0
Gesicki,J-Ochonski,P/Torun 1991/EXT 2002 (32)}) 26. Qxg4 Qxg4+ 27. Kxh2 Qh4+
28. Kg2 Qg4+ 29. Kf2 Re8 30. Be3 $16 {1-0 Egger,J-Duarte,M/Santiago 1991/EXT
2003 (49)}) (23... c5 24. Rh1 {1-0 Short,N-Huebner,R/Tilburg 1988/Inf 46/
[Short,N] (24)}) 24. Kf1 Bf4 $1 25. Qf3 Re1+ 26. Kxe1 Qxg1+ 27. Ke2 Bxc1 28.
Rxc1 $1 (28. g6 Re8+ 29. Kd3 {1/2-1/2 Rocha,W-Rodrigues,A/Americana 1998/EXT
2000 (29)}) 28... Qxc1 29. g6 Re8+ 30. Kd3 Qb1+ 31. Kd2 Qe1+ 32. Kd3 Qb1+ 33.
Kd2 {1/2-1/2 Sokolov,A-Oll,L/Odessa 1989/URS-ch (33)}) 20... Bxg4 (20... Qxf5
21. gxf5 $11) 21. Qxd7 Bxd7 22. Rxf7 (22. g6 Be6 $17) 22... Rxf7 23. g6 Be8 24.
Bg5 (24. Be3 $2 a5 25. Be6 Kf8 26. gxf7 Bxf7 27. Rf1 Ra7 $17 {1/2-1/2 Nunn,
J-Salov,V/Bruxelles 1988/Inf 45/[Nunn,J] (47)}) 24... a5 25. Kg2 $2 (25. Rf1
Raa7 26. Rf3 $1 {Salov,V} a4 27. Be6 Rac7 (27... Kf8 28. Rh3 $11) 28. Bd8 $1 (
28. Kg2 Kf8 29. Rh3 Rf6 30. Bxf6 gxf6 31. Rh8+ Kg7 32. Rxe8 Kxg6 $15) 28... Rb7
29. Bg5 c5 30. dxc5 Bxc5+ 31. Kh2 Kf8 32. gxf7 Bxf7 33. Rf5 Bd6+ 34. Kg2 $11)
25... a4 26. Be6 Kf8 27. Rh1 (27. gxf7 Bxf7 28. Rf1 Ra7 $17) 27... Rf6 28. Bxf6
gxf6 29. Bf5 Kg8 (29... Ra5 $5 {[%cal Yb5b4]} 30. Rh8+ Ke7 31. Rh7+ (31. g7 Bf7
32. g8=Q Bxg8 33. Rxg8 b4 34. Rg7+ Kf8 35. Rd7 Be7 36. d5 bxc3 37. dxc6 Rc5 38.
Bc2 Rxc6 $19) 31... Kd8 32. Rh8 $1 $11 Ra7 33. Be6 Re7 34. Bf7 $18) (29... Rb8
$1 30. Kf3 $1 (30. Rh8+ Ke7 31. Rh7+ Kd8) (30. Rh7 b4 31. Ra7 Be7 32. cxb4 (32.
g7+ Kxg7 33. Rxe7+ Kf8 $19) 32... Rb5 $1) 30... b4 (30... Bxg6 31. Bxg6 b4 32.
c4 b3 33. c5 Bc7 34. Be4 $132 bxa2 35. Ra1 Rb3+ 36. Ke2 Ra3 37. Bxc6 Ba5 38.
Bd5 Bc3 39. Rxa2 Rxa2+ 40. Bxa2 Bxd4 41. c6 Ke7 42. Kd3 Be5 43. Kc4 a3 44. Bb1
$11) 31. cxb4 Rxb4 32. Rh8+ Ke7 33. Rh7+ Kd8 34. Rh8 $11) 30. Rh7 $1 Bxg6 31.
Bxg6 Bf4 32. Rb7 Bd2 33. Be4 Rc8 34. Rb6 Bxc3 35. Rxc6 Rxc6 36. Bxc6 1/2-1/2

[Event "Sigeman & Co 12th"]
[Site "Malmo/Copenhagen"]
[Date "2004.05.06"]
[Round "6"]
[White "De Firmian, Nick E"]
[Black "Rozentalis, Eduardas"]
[Result "1/2-1/2"]
[WhiteElo "2542"]
[BlackElo "2619"]
[Annotator "Huzman,A"]
[PlyCount "97"]
[EventDate "2004.04.30"]
[EventType "tourn"]
[EventRounds "9"]
[EventCountry "SWE"]
[EventCategory "13"]
[SourceTitle "CBM 101"]
[Source "ChessBase"]
[SourceDate "2004.07.27"]
[SourceVersion "1"]
[SourceVersionDate "2004.07.27"]
[SourceQuality "1"]

1. e4 e5 2. Nf3 Nf6 3. Nxe5 d6 4. Nf3 Nxe4 5. d4 d5 6. Bd3 Nc6 7. O-O Be7 8. c4
Nf6 9. Nc3 O-O 10. h3 Nb4 11. Be2 Be6 12. a3 (12. c5 Bf5 13. a3 Nc6 14. Bb5 Ne4
15. Bxc6 Nxc3 16. bxc3 bxc6 17. Ne5 $14 {1/2-1/2 Slaby,J-Holemar,D/Marianske
Lazne CZE 2004/(50)}) 12... Nc6 13. c5 (13. cxd5 Bxd5 14. Nxd5 Nxd5 15. Bb5 Nb8
16. Qb3 Nb6 17. Bf4 c6 18. Bd3 N8d7 19. Qc2 h6 20. Rad1 Nd5 21. Bg3 N7f6 $14 {
1/2-1/2 Wegener,O-Schneider,H/Osnabrueck 1994/Juniors (45)}) (13. b3 Ne4 14.
Bb2 Bf6 15. Bd3 Nxd4 $17 {0-1 Arganian,D-Kelson,R/Reno 1994/EXT 97 (33)}) 13...
Ne4 14. Bf4 Bf6 15. Rc1 Re8 16. Bb5 (16. b4 a6 17. Re1 Bf5 $11) 16... Nxc3 17.
Rxc3 (17. bxc3 Bd7 18. Rb1 b6 19. Qa4 Re6 $11 20. Rfe1 $140 a6 $1 $15) 17...
Bd7 18. Bxc6 (18. Bd3 $5 a5 19. Bb1 b6 $132) 18... Bxc6 19. Ne5 Bxe5 20. Bxe5
f6 $11 {Black's bad B alone is not enough to judge the position in White's
favour.The open "e" file will eventually lead to a mass R-swapping, and the
resulting endgame is a dead draw} 21. Bg3 Qd7 22. Re1 Re4 (22... Bb5 23. Rce3
Rxe3 24. Rxe3 a5 25. Qe1 Kf8 $11) 23. f3 Rxe1+ 24. Qxe1 Re8 25. Re3 $14 Rxe3
26. Qxe3 a5 $1 27. Qf4 (27. b3 a4 28. b4 Bb5 29. Qf4 c6 $11) 27... a4 $1 28. h4
h5 29. Qxc7 Qxc7 30. Bxc7 Kf7 $11 31. Kf2 Ke6 32. Ke3 Bb5 33. Kd2 Bf1 34. g3
Bg2 35. Ke2 Bh3 36. Bd6 g6 37. Ke3 Bf1 38. Bc7 Kd7 39. Bb6 Bg2 40. Ke2 Ke7 41.
Ba5 Kd7 42. Kf2 Bh3 43. Bd2 Bf5 44. Bh6 Bc2 45. Ke2 f5 46. Bf4 Kc6 47. Be5 Bb3
48. Kd2 Kb5 49. Kc3 1/2-1/2

[Event "Capablanca Memorial Elite 39th"]
[Site "Havana"]
[Date "2004.05.17"]
[Round "10"]
[White "Felgaer, Ruben Alejandro"]
[Black "Arencibia Rodriguez, Walter"]
[Result "1-0"]
[WhiteElo "2592"]
[BlackElo "2505"]
[Annotator "Huzman,A"]
[PlyCount "75"]
[EventDate "2004.05.06"]
[EventType "tourn"]
[EventRounds "11"]
[EventCountry "CUB"]
[EventCategory "13"]
[SourceTitle "CBM 101"]
[Source "ChessBase"]
[SourceDate "2004.07.27"]
[SourceVersion "1"]
[SourceVersionDate "2004.07.27"]
[SourceQuality "1"]

1. e4 e5 2. Nf3 Nf6 3. Nxe5 d6 4. Nf3 Nxe4 5. d4 d5 6. Bd3 Nc6 7. O-O Be7 8. c4
Nf6 9. Nc3 O-O 10. cxd5 Nb4 11. Bc4 Nbxd5 12. Re1 c6 13. Ne5 Be6 14. Qf3 (14.
Bg5 Nxc3 15. bxc3 Bxc4 16. Nxc4 Nd5 17. Bxe7 Nxe7 18. Qb3 Qc7 19. Re2 Nd5 20.
Rae1 b5 21. Ne5 f6 22. Nd3 Kh8 $14 {1/2-1/2 Urbaneja,J-Jones,I/Novi Sad 1990/
TD (83)}) 14... Nc7 15. Bf4 Bxc4 (15... Qxd4 $1 16. Rad1 Qb6 17. Bg5 (17. Nxf7
Bxc4 18. Rxe7 Rxf7 19. Bxc7 Qxb2) (17. Bxe6 Nxe6) 17... Ncd5 18. Bxd5 cxd5 19.
Bxf6 Bxf6 20. Nxd5 Bxd5 21. Qxd5 $11 {[%cal Ge5d7]}) 16. Nxc4 Ncd5 17. Be5 Re8
18. Re2 Nxc3 19. bxc3 Qd5 (19... Nd5 20. Rae1 Bf8 21. Nd2 f6 $11) 20. Qd3 {
[%cal Gc4e3,Ge3f5]} Nd7 (20... b5 $5 21. Ne3 (21. Na5 Nd7 22. Rae1 Bf8 $11)
21... Qe4 $11) 21. Bxg7 $1 {[%mdl 512] A piece sac that is well worth
attention. The pinned "e7" B and the K stripped of his pawn-blanket provide
White with numerous attacking chances} Kxg7 22. Rae1 Qg5 (22... Kf8 23. Qxh7
Bf6 24. Qh6+ Bg7 25. Qd6+ Qxd6 26. Rxe8+ Rxe8 27. Rxe8+ Kxe8 28. Nxd6+ Ke7 29.
Nxb7 Nb6 $17) 23. Re3 Kf8 (23... Qf6 24. Nd2 h6 25. Ne4 Qf4 26. Ng3 Kf8 27. Qe2
$44) 24. Qxh7 Nf6 $2 {That enables White to activate his only up-to-now
neutral piece, and the N's participation in the attack proves decisive} (24...
Qh4 25. Qf5 Rad8 (25... Nb6 26. Ne5 Qf6 27. Qh5 $40) 26. Rh3 Qf6 27. Qh5 $40)
25. Qh8+ Ng8 $8 (25... Qg8 26. Qh6+ Qg7 27. Qxg7+ Kxg7 28. Rxe7 $18) 26. Ne5 $1
(26. Rg3 $2 Bf6 $19) 26... f6 (26... Rad8 27. Rg3 $18) 27. Rg3 (27. f4 $1 Qg7 (
27... Qh6 28. Qxh6+ Nxh6 29. Ng6+ $18) 28. Nd7+ Kf7 29. Qh3 $18) (27. Nd7+ $5
Kf7 28. Qh7+ Qg7 29. Qb1 $1 $18 {[%cal Gb1b3]}) 27... fxe5 28. Rxg5 Bxg5 29.
dxe5 $16 Re7 30. Qh5 Bh6 (30... Bd2 31. Re2 Rd8 32. h4 $16) 31. f4 Rd8 32. g3
$18 Rh7 (32... Red7 $142) 33. Rd1 $1 Rxd1+ 34. Qxd1 Kg7 (34... Re7 35. h4 Bg7
36. g4 $18) 35. Qd8 Kh8 36. f5 Be3+ (36... Rf7 37. e6 Rh7 38. h4 $18 {[%cal
Gf5f7]}) 37. Kg2 Bb6 38. Qf8 {[%cal Gf5f7]} 1-0